|
|
|
|
| LEADER |
00000nab a2200000 a 4500 |
| 001 |
vtls000748118 |
| 003 |
SK-MaSNL |
| 005 |
20260426083126.0 |
| 008 |
250429c2000 xo 0 slo |
| 015 |
|
|
|a SNBRB2001/04-10022
|
| 035 |
|
|
|a CLN000099946
|
| 035 |
|
|
|a urn:nbn:sk:snk-abahbw
|
| 035 |
|
|
|a (urnnbn)urn:nbn:sk:snk:ar-007zwf
|
| 035 |
|
|
|a (uuid)2f18ae2b-870e-4061-8d58-b7f79985a014
|
| 040 |
|
|
|a SNKBUCL
|b slo
|c SNKBUCL
|e AACR2
|
| 041 |
0 |
|
|a slo
|
| 044 |
|
|
|a xo
|c SK
|
| 080 |
|
|
|a 611.9:613.15:613.2
|2 1997
|
| 100 |
1 |
|
|a Turčanová, Emília
|4 aut
|9 778244
|
| 245 |
1 |
0 |
|a Variabilita a vzájomný vzťah niektorých biochemických ukazovateľov a somatických charakteristík u obyvateľov Žiarskej kotliny rôznych vekových kategórií
|c Emília Turčanová
|
| 300 |
|
|
|b Graf, tab.
|
| 504 |
|
|
|a Res. angl., slov.
|
| 504 |
|
|
|a Bibliogr. odkazy
|
| 650 |
0 |
7 |
|a stav zdravotný
|x markery biologické
|z Žiarska kotlina (Slovensko)
|2 snkbucl
|9 1443150
|
| 650 |
0 |
7 |
|a cholesterol
|2 snkbucl
|9 18377
|
| 650 |
0 |
7 |
|a štúdie štatistických skupín
|x u mladistvých
|x v dospelosti
|x u dojčiat a detí
|2 snkbucl
|9 1443151
|
| 650 |
0 |
7 |
|a faktory rizikové
|2 snkbucl
|9 838956
|
| 650 |
0 |
7 |
|a somatotypy
|2 snkbucl
|9 647574
|
| 650 |
0 |
7 |
|a biologické markery
|2 snkbucl
|9 84323
|
| 650 |
0 |
7 |
|a stav zdravotný
|2 snkbucl
|9 394390
|
| 651 |
|
7 |
|a Slovensko
|2 snkbucl
|9 14231
|
| 655 |
|
7 |
|a články z novín a časopisov
|2 snkbucl
|9 267496
|
| 773 |
0 |
|
|t Hygiena
|g Roč. 45, č. 3 (2000), s. 142-159
|x 1210-7840
|
| 850 |
|
|
|a Slovenská národná knižnica
|
| 852 |
|
|
|a Slovenská národná knižnica
|
| 954 |
|
|
|a odborná, vedecká literatúra pôvodná (slovenská)
|2 lita
|
| 958 |
|
|
|a article14
|
| 958 |
|
|
|a NB
|
| 958 |
|
|
|a SK
|
| 958 |
|
|
|a MI
|
| 958 |
|
|
|a RBX
|
| 958 |
|
|
|a OND
|
| 958 |
|
|
|a EUIPO
|
| 999 |
|
|
|c 2895850
|d 2897780
|